01194nam a2200241Ia 4500001001100000003001000011008004100021040002500062041001300087100002800100245006700128250001100195260006900206300001100275500015300286501011400439520015300553650002800706942000700734957000600741999004300747952016200790L371-24522IT-CnALBA170116s9999||||xx |||||||||||||| ||und|| aIT-CnALBAcIT-CnALBA aITALIANO aBETTAZZI RODOLFO, DOTT. 0aLA EDUCAZIONE DEI FIGLI ALLA MORALITÀ. LETTERA AI GENITORI.  a2a ed. aROMA TREVISO PARMAbBUFFETTI LUIGI EDITOREc1921 [1° Ed.: n.d.] a29 p.  aBELLEZZA DELL'AMORE. IN TEORIA E IN PRATICA. RUOLO DEI GENITORI NELLA FORMAZIONE ALL'AMORE. LA COSCIENZA. GIOVANI E RAGAZZE. MISSIONE DEI GENITORI.  aSocietà San Paolo EM - Piazza San Paolo, 14 - 12051 ALBA (CN) (non commercial uses only) ® Copyright 2017 aBELLEZZA DELL'AMORE. IN TEORIA E IN PRATICA. RUOLO DEI GENITORI NELLA FORMAZIONE ALL'AMORE. LA COSCIENZA. GIOVANI E RAGAZZE. MISSIONE DEI GENITORI.  aISTRUZIONE - EDUCAZIONE cBK 71 a29295bSI g Copie: 1 c283633d283633 0010406L_3712452271aALBAbALBAd2017-01-16l0oL371-24522r2017-01-16 00:00:00w2017-01-16yBKz(data import: 16 gennaio 2017) - By Epidotti, Vaglietti.